| 000 | 01657agaaa2200325 4500 | ||
|---|---|---|---|
| 001 | 1657 | ||
| 003 | IT-RoPAU | ||
| 005 | 20220918181240.0 | ||
| 007 | d cvaizq | ||
| 008 | 50131s9999||||xx ||| | || ||und|| | ||
| 040 |
_aIT-RoPAU _cIT-RoPAU |
||
| 041 | _aITALIANO | ||
| 100 |
_aCavani Liliana _gCodice regista SPICS: 8251 _944768 |
||
| 130 |
_aGALILEO _944769 |
||
| 245 |
_aGALILEO _cProdotto da: Pescarolo Leonardo -- Sceneggiatura: Pinelli Tullio Cavani Liliana Onofri Fabrizio -- Diretto da: Cavani Liliana _pGALILEO (Rif. Codice opera principale : 21657) |
||
| 250 | _aEdizione Standard | ||
| 260 |
_aITALIA - SOFIA (ITALIA) _bFENICE - RIZZOLI - STUDIO FILM / _g"1968 (1° ed.: 1993 ; Ed. Lingua Orig.: 1968)" |
||
| 300 |
_a16MM _bsonoro, col. _c108 minuti |
||
| 508 | _a"Fotografia: Contini Alfio; Montaggio: Baragli Nino; Musica: Morricone Ennio; Sceneggiatura: Pinelli Tullio Cavani Liliana Onofri Fabrizio; Scenografia: Frigerio Ezio; Soggetto: Pinelli Tullio -- Cavani Liliana" | ||
| 511 | _a"Cusack Cyril; Broggi Giulio; Ballista Gigi; Doicev Nicolai; Dragomaska Maia" | ||
| 520 | _aFILM A COLORI. PELLICOLA IN BUONO STATO. PER LA TRAMA VEDERE VIDEOCASSETTA:9960/21491 | ||
| 538 | _aMONO | ||
| 546 | _aITALIANO | ||
| 650 |
_aDRAMMATICO _ePELLICOLE CINEMA [16MM] _xCodice MATERIA SPICS: 9955 _944770 |
||
| 700 |
_aCavani Liliana _e(regista) _gCodice regista SPICS: 8251 _944771 |
||
| 700 |
_aCavani Liliana _e(soggetto) _gCodice Soggetto 2° SPICS: 8251 _944772 |
||
| 700 |
_aMorricone Ennio _e(musica) _gCodice Musica SPICS: 3535 _944773 |
||
| 700 |
_aPinelli Tullio _e(soggetto) _gCodice Soggetto SPICS: 2556 _944774 |
||
| 942 |
_cMM _2ddc |
||
| 999 |
_c106042 _d106042 |
||